LIBRARY & INFORMATION CENTRE, KCAET, TAVANUR

ONLINE PUBLIC ACCESS CATALOGUE (OPAC)

Development of pepper harvester (Record no. 14982)

MARC details
000 -LEADER
fixed length control field 00587nam a22001817a 4500
003 - CONTROL NUMBER IDENTIFIER
control field OSt
088 ## - REPORT NUMBER
Report number P 205
100 ## - MAIN ENTRY--AUTHOR NAME
Personal name ANEESHYA KAMAL K.S
-- G.K KRISHNANUNNI
245 ## - TITLE STATEMENT
Title Development of pepper harvester
260 ## - PUBLICATION, DISTRIBUTION, ETC. (IMPRINT)
Place of publication Tavanur 2009
Name of publisher Department of Post-Harvest Technology and Agricultural Processing
300 ## - PHYSICAL DESCRIPTION
Number of Pages 52
500 ## - GENERAL NOTE
General note Development of pepper harvester
520 ## - SUMMARY, ETC.
Summary, etc Development of pepper harvester
700 ## - ADDED ENTRY--PERSONAL NAME
Personal name Dr. V Ganesan (Guide)
856 ## - ELECTRONIC LOCATION AND ACCESS
Uniform Resource Identifier https://drive.google.com/open?id=1eZDBdtKeoOEi_yc2tFFvJUFvzXMutfnU
942 ## - ADDED ENTRY ELEMENTS (KOHA)
Koha item type Project Report
Holdings
Collection code Home library Current library Shelving location Full call number Accession Number Koha item type
Reference KAUAET KAUAET Reference 631.56 ANE/DE P 205 Project Report
free website counter